000 002620000a22001090004500
090 _aAR
_b04427
245 1 0 _aCycnoches de Colombia
041 0 _aEspañol
100 1 _aCarr, George F.
_998297
942 _cARTICULO
773 1 _tOrquideología
_h2
_q138-150
_d2002
_g22
999 _c13525
_d13525